| 000 | 00744nam a2200205Ia 4500 | ||
|---|---|---|---|
| 003 | GCL | ||
| 008 | 140319s9999 xx 000 0 ara d | ||
| 040 |
_aGCL / _cGCL |
||
| 082 | 0 | 4 |
_a819 _bج ب |
| 100 | 1 | _aعبدالسلام محمد هارون | |
| 245 | 1 | 0 |
_aالبيان والتبيين (الجزء الاول) / _cعبدالسلام محمد هارون |
| 700 | 1 | _aالجاحظ : ابوعثمان عمرو بن بحر محبوب | |
| 260 |
_a[S.N] : _bمطبعة لجنة التأليف والترجمة والنشر ، _c1948 |
||
| 300 | _a366 ص | ||
| 490 |
_aمكتبة الجاحظ _v0 |
||
| 650 | 0 | 4 | _aالادب العربى |
| 650 | 0 | 4 | _aالنثر العربى |
| 650 | 0 | 4 | _aالرسائل العربية |
| 942 |
_2ddc _cBK |
||
| 999 |
_c30251 _d30251 |
||